000 00483nam a2200181Ia 4500
005 20250326142356.0
008 250326s9999 xx 000 0 und d
037 _aTextbook
040 _aFMSL
_beng
_cFMSL
041 _aeng
_2eng
084 _aX:72 M5
_qFMSL
100 _aHahn Frank
245 0 _aMoney, Growth and Stability
_cHahn Frank
260 _aOxford
_bOxford, Basil Blackwell
_c1985
300 _a400p
942 _cTB
_hX:72 M5
999 _c1294722
_d1294722